[Event "Titled Tuesday intern op 31st Jan Late"]
[Site "Chess.com INT"]
[Date "2023.01.31"]
[Round "5"]
[White "Koellner, Ruben Gideon"]
[Black "Grycel, Kamil"]
[Result "0-1"]
[WhiteElo "2417"]
[BlackElo "2315"]
[PlyCount "66"]
[EventDate "2023.01.31"]
[EventType "swiss (blitz)"]
[EventRounds "11"]
[EventCountry "USA"]
[SourceTitle "CBM 212 Extra"]
[Source "ChessBase"]
[SourceDate "2023.03.31"]
[SourceVersion "1"]
[SourceVersionDate "2023.03.31"]
[SourceQuality "1"]

1. d4 Nf6 2. Nf3 e6 3. Nbd2 c5 4. e3 b6 5. c3 Bb7 6. Bd3 cxd4 7. exd4 Be7 8. 0-0 0-0 9. Qe2 Nd5 10. Ne4 f5 11. Ng3 Nc6 12. Re1 Rc8 13. a3 Qc7 14. c4 Nf4 15. Bxf4 Qxf4 16. d5 Nd8 17. Ne5 Rc7 18. Rad1 Bd6 19. b3 Bxa3 20. Bb1 Bb4 21. Nd3 Qd6 22. Nxb4 Qxb4 23. Qe3 f4 24. Qd3 g6 25. Ne4 exd5 26. cxd5 Nf7 27. Nf6+ Kg7 28. Ng4 Qc3 29. Qe4 Nd6 30. Qe7+ Nf7 31. d6 Rcc8 32. Qxd7 Qc6 33. Qe7 Qxg2# 0-1

[Event "Titled Tuesday intern op 24th Jan Late"]
[Site "Chess.com INT"]
[Date "2023.01.24"]
[Round "8"]
[White "Garcia Correa, Jose Ricardo"]
[Black "Grycel, Kamil"]
[Result "0-1"]
[WhiteElo "2103"]
[BlackElo "2315"]
[PlyCount "80"]
[EventDate "2023.01.24"]
[EventType "swiss (blitz)"]
[EventRounds "11"]
[EventCountry "USA"]
[SourceTitle "EXT 2024"]
[Source "ChessBase"]
[SourceDate "2023.10.10"]
[SourceVersion "1"]
[SourceVersionDate "2023.10.10"]
[SourceQuality "1"]

1. e4 b6 2. d4 Bb7 3. Nc3 e6 4. a3 d5 5. exd5 exd5 6. Nf3 Nf6 7. Bd3 Be7 8. 0-0 0-0 9. Re1 c5 10. b3 Nc6 11. Bb2 Re8 12. dxc5 bxc5 13. Qd2 h6 14. Bb5 Qc7 15. Na4 d4 16. Ne5 Nxe5 17. Bxe8 Rxe8 18. Bc1 Neg4 19. Qf4 Qc6 20. Qg3 Bd6 21. Rxe8+ Qxe8 22. f4 Qe2 23. h3 Ne3 24. Bxe3 dxe3 25. Re1 Qxc2 26. Rf1 e2 27. Re1 Qe4 28. Qf2 Ba6 29. Nxc5 Bxc5 30. Qxc5 Qxf4 31. Qf2 Qd2 32. a4 Ne4 33. Rxe2 Qxe2 34. Qxa7 Qf1+ 35. Kh2 Qf4+ 36. Kg1 Qc1+ 37. Kh2 Qc6 38. b4 Qxa4 39. Qd4 Nf6 40. Qc5 Qb5 0-1

[Event "Titled Tuesday intern op 24th Jan Late"]
[Site "Chess.com INT"]
[Date "2023.01.24"]
[Round "4"]
[White "Grycel, Kamil"]
[Black "Gerbelli Neto, Eduardo"]
[Result "0-1"]
[WhiteElo "2315"]
[BlackElo "2114"]
[PlyCount "146"]
[EventDate "2023.01.24"]
[EventType "swiss (blitz)"]
[EventRounds "11"]
[EventCountry "USA"]
[SourceTitle "EXT 2024"]
[Source "ChessBase"]
[SourceDate "2023.10.10"]
[SourceVersion "1"]
[SourceVersionDate "2023.10.10"]
[SourceQuality "1"]

1. b3 e5 2. Bb2 d6 3. c4 f5 4. e3 Nf6 5. Nc3 g6 6. d4 e4 7. Nh3 Bg7 8. Nf4 0-0 9. h4 c6 10. d5 Qe7 11. Be2 Na6 12. Qd2 Nc5 13. 0-0-0 a5 14. dxc6 bxc6 15. Qxd6 Qxd6 16. Rxd6 Nfd7 17. Rhd1 Ne5 18. Ba3 Ned3+ 19. Nxd3 Nxd3+ 20. Bxd3 Bxc3 21. Be2 Bb4 22. Bxb4 axb4 23. Kb2 Bb7 24. Rd7 Ra7 25. c5 Rfa8 26. Bc4+ Kh8 27. Ra1 Ba6 28. Rxa7 Rxa7 29. Bxa6 Rxa6 30. Rd1 Ra5 31. Rc1 Kg7 32. Rc4 Rb5 33. a4 bxa3+ 34. Kxa3 Kf6 35. b4 Ke5 36. Rd4 Rb7 37. Rd6 Ra7+ 38. Kb3 Ra1 39. Rxc6 Rf1 40. b5 Kd5 41. Rc8 Rb1+ 42. Ka4 Kc4 43. Ka3 Rxb5 44. c6 Kc3 45. Ka4 Kc4 46. Rc7 Rb6 47. Ka5 Kc5 48. Rxh7 Rxc6 49. Rg7 Kd5 50. Kb5 Re6 51. g3 Ke5 52. Kc5 Ra6 53. Rg8 Kf6 54. Rf8+ Kg7 55. Rc8 Ra2 56. Kd6 Rxf2 57. Rc7+ Kf6 58. Rc6 Re2 59. Kd5+ Kf7 60. Ke5 Rxe3 61. Rc7+ Ke8 62. Ke6 Kd8 63. Rg7 Rxg3 64. Kd6 Ke8 65. Ke6 Kf8 66. Kf6 e3 67. Rf7+ Ke8 68. Re7+ Kd8 69. Re5 f4 70. Rd5+ Kc7 71. Ke5 e2 72. Kxf4 Rg1 73. Rc5+ Kd6 0-1